Представление документа в формате MARC21

Поле Инд. ПП Название Значение
Тип записи a
Библиографический уровень m
001 Контрольный номер 1193f1a60a6f4bfab740a25ba61d326e
005 Дата корректировки 20260226173241.0
084 a Индекс другой классификации/Индекс ББК 88
091 i Возрастная адресация (DOS) 16+
097 b Оператор Катаева; Чирова
245 10 a Заглавие PSYCHOLOGIES / Психолоджис
n Номер части/ раздела 88
260 c Дата издания 2026
500 a Примечание январь - февраль
900 a Имя макрообъекта 000000384818
901 t Тип документа s